Giáo trình chăn nuôi lợn Giáo trình dùng cho sinh viên nông nghiệp, lâm nghiệp
v.v...
Đã lưu trong:
| Tác giả chính: | |
|---|---|
| Định dạng: | Sách |
| Năm xuất bản: |
H.
Nông nghiệp
2000
|
| Chủ đề: | |
| Tags: |
Thêm thẻ
Không có thẻ, Hãy là người đầu tiên gắn thẻ bản ghi này!
|
| LEADER | 01532nam a2200229 4500 | ||
|---|---|---|---|
| 999 | |c 160 |d 160 | ||
| 082 | |a 636.40071 |b V400TR | ||
| 100 | |a Võ Trọng Hốt | ||
| 245 | |a Giáo trình chăn nuôi lợn |b Giáo trình dùng cho sinh viên nông nghiệp, lâm nghiệp |c Võ Trọng Hốt | ||
| 260 | |a H. |b Nông nghiệp |c 2000 | ||
| 300 | |a 208tr. |c 27cm | ||
| 520 | |a v.v... | ||
| 653 | |a Nông nghiệp | ||
| 653 | |a Chăn nuôi | ||
| 653 | |a Lợn | ||
| 653 | |a Giáo trình | ||
| 942 | |2 ddc |c STK0 | ||
| 952 | |0 0 |1 0 |2 ddc |4 0 |6 636_400710000000000_V400TR |7 1 |8 600 |9 3564 |a qbu |b qbu |c D3 |d 2014-12-10 |g 38000 |o 636.40071 V400TR |p 1940.c1 |r 0000-00-00 |w 2014-11-13 |y STK0 | ||
| 952 | |0 0 |1 0 |2 ddc |4 0 |6 636_400710000000000_V400TR |7 0 |8 600 |9 3565 |a qbu |b qbu |c D3 |d 2014-12-10 |g 38000 |o 636.40071 V400TR |p 1940.c2 |r 0000-00-00 |w 2014-11-13 |y STK0 |0 0 |6 636_400710000000000_V400TR |0 0 |6 636_400710000000000_V400TR | ||
| 952 | |0 0 |1 0 |2 ddc |4 0 |6 636_400710000000000_V400TR |7 0 |8 600 |9 3566 |a qbu |b qbu |c D3 |d 2014-12-10 |g 38000 |o 636.40071 V400TR |p 1940.c3 |r 0000-00-00 |w 2014-11-13 |y STK0 |0 0 |6 636_400710000000000_V400TR |0 0 |6 636_400710000000000_V400TR | ||
| 952 | |0 0 |1 0 |2 ddc |4 0 |6 636_400710000000000_V400TR |7 0 |8 600 |9 3567 |a qbu |b qbu |c D3 |d 2014-12-10 |g 38000 |o 636.40071 V400TR |p 1940.c4 |r 0000-00-00 |w 2014-11-13 |y STK0 |0 0 |6 636_400710000000000_V400TR |0 0 |6 636_400710000000000_V400TR | ||
| 952 | |0 0 |1 0 |2 ddc |4 0 |6 636_400710000000000_V400TR |7 0 |8 600 |9 3568 |a qbu |b qbu |c D3 |d 2014-12-10 |g 38000 |o 636.40071 V400TR |p 1940.c5 |r 0000-00-00 |w 2014-11-13 |y STK0 |0 0 |6 636_400710000000000_V400TR |0 0 |6 636_400710000000000_V400TR | ||